Triết học từ góc độ biện chứng duy vật Sách tham khảo

Spremljeno u:
Bibliografski detalji
Glavni autor: Vũ Gia Hiền (Tác giả)
Format: Knjiga
Jezik:Vietnamese
Izdano: H. Chính trị Quốc gia 2006
Teme:
Oznake: Dodaj oznaku
Bez oznaka, Budi prvi tko označuje ovaj zapis!
Thư viện lưu trữ: Mạng thư viện Đại học Đà Nẵng
LEADER 01187nam a2200361 4500
001 000006154
003 2309
005 20120321100304.0
008 110901s2006 viesd
020 |c 115000đ 
041 0 |a vie 
082 |a 146  |b VU-H 
100 0 |a Vũ Gia Hiền 
245 0 |a Triết học từ góc độ biện chứng duy vật  |b Sách tham khảo  |c Vũ Gia Hiền 
260 |a H.  |b Chính trị Quốc gia  |c 2006 
300 |a 848 tr  |c 24 cm 
653 |a Triết học 
653 |a từ góc độ 
653 |a Biện chứng duy vật 
653 |a Khái niệm 
653 |a Triết học Hy Lạp Cổ Đại 
700 |a Vũ Gia Hiền  |e Tác giả 
910 |a Nguyễn Thị Kim Oanh  |d 01/09/2011 
OWN |a LSP 
AVA |a UDN50  |b LSP  |d 146 VU-H  |e available  |t Error 5001 Not defined in file expand_doc_bib_avail.  |f 4  |g 0  |h N  |i 0  |k 1 
999 |a From the UDN01 
AVA |a UDN50  |b LSP  |d 146 VU-H  |e available  |t Error 5001 Not defined in file expand_doc_bib_avail.  |f 4  |g 0  |h N  |i 0  |k 1 
TYP |a Monograph 
TYP |a Printed language 
980 |a Mạng thư viện Đại học Đà Nẵng